000 00251nam a2200121Ia 4500
100 _aRay/M
942 _cBK
654 _afluid
245 _aFluid dynamics
260 _bS.Chand and Co.
_aNew Delhi
_c1968
082 _a532.05
_bRAY
546 _aENGLISH
999 _c31447
_d31447